000
00185nam a2200109Ia 4500
100
_a
#N/A
942
_c
BK
245
_a
JAVA/ J2EE
260
_b
#N/A
546
_a
ENGLISH
999
_c
19636
_d
19636